000 00798nam a2200265 u 4500
003 UPN
005 20240313160312.0
008 190918t19971996nyua ar ||| 0|spa d
020 _a9781887734172
035 _aUPN01000232921
040 _aMX-MxUPN
_bspa
_cMX-MxUPN
041 _aspa
050 4 _aQA113
_bW55 1997
100 1 _aWildsmith, Brian Lawrence,
_943095
_d1930-2016
245 1 1 _a¿Cuántos animales hay?
260 _aNew York :
_bStar Bright Books,
_c1997.
300 _a[14] páginas :
_bilustraciones
650 4 _951341
_aContar (enumerar)
_vLiteratura infantil
650 7 _91061
_aAnimales
_vLiteratura infantil
700 1 _951351
_aFiol, María A.
_etraducción
902 _bMaríaRobles/130324
905 _aInfantil
942 _n0
_2lcc
_cLIBRO
999 _c205016
_d205016